000 00721nam a2200265 i 4500
001 C2-0325973
003 PPAK
005 20180728123929.0
008 140311s2013 my |||| ||||| | may d
020 _a9789670411231
040 _aPPAK
_beng
_cPPAK
_erda
082 0 4 _a899.233
_223
090 0 0 _a899.233
_bAIN
_dG
100 0 _aAin Maisarah,
_eauthor
245 1 0 _aPink Riding Hood dan serigala tembam
264 1 _aBatu Caves, Selangor :
_bBlink Book ,
_c2013
300 _a252 pages ;
_c19 cm
336 _2rdacontent
_atext
337 _2rdamedia
_aunmediated
338 _2rdacarrier
_avolume
650 1 0 _aMalay fiction.
700 _eauthor
700 0 _aNurismaliza Ismail,
_eeditor
942 _ddc
_cB
999 _c125669
_d125669